Statistiche per Riconosci la Squadra di calcio - Quiz n°182

Clicka qui per fare il quiz!

Statistiche generali

  • Questo quiz è stato fatto 4 volte
  • Il punteggio medio è 6 su 9

Statistiche sulle risposte

IndizioRisposta% Corretto
Trofei internazionali0
100%
Trofei nazionali1 Coppa d'Inghilterra
2 Community Shield
100%
Titoli nazionali2 Titoli d'Inghilterra
100%
Colori socialiBordeaux, azzurro
100%
Divisione nazionale 2023-2024Prima
75%
ConfederazioneUEFA
75%
Fondazione1882
25%
Capienza Stadio21 945 posti
25%
SquadraBurnley
0%

Distribuzione punteggi

Percentile per numero di risposta

Percentuale di utenti per punteggio

I tuoi punteggi nel tempo

Non hai fatto questo quiz